Harry Potter: Retrouvez toutes les musiques-Niveau Extreme - Statistiques

Statistiques générales
  • Ce quiz a été pris 161 fois
  • Le résultat moyen est 96 sur 189
Statistiques - réponses
Harry Potter à l'école des sorciers Réponse % Correct
19 Hedwig's theme
84%
Harry Potter 3: 1 Lumos! (Hedwig's theme)
81%
3 The arrival of baby Harry
78%
20 When Ginny kisses Harry
76%
Harry Potter 7 partie 2: 1 Lily's theme
70%
17 Severus and Lily
70%
25 The killing of Dumbledore
69%
12 Christmas at Hogwarts
67%
18 Leaving Hogwarts
67%
2 Professor Umbridge
67%
17 The face of Voldemort
67%
10 A journey to Hogwarts
66%
8 Panic inside Hogwarts
66%
6 Platform nine-and-three-quarters and the journey to Hogwarts
66%
4 Visit to the zoo and letters from Hogwarts
66%
18 Voldemort
66%
Compositeur d'Harry Potter et les reliques de la mort 1ère partie | Compositeur d'Harry Potter et les reliques de la mort 2ème partie Alexandre Desplat
64%
6 Buckbeack's flight
64%
25 Farewell to Dobby
64%
12 Harry and Hermione
64%
2 | 20 Harry's Wondrous World
64%
Compositeur d'Harry Potter et la chambre des secrets | Compositeur d'Harry Potter et le prisonnier d'Azkaban | Compositeur d'Harry Potter à l'école des sorciers John Williams
64%
6 The goblet of fire
64%
9 Dobby
63%
26 Dumbledore's farewell
63%
4 Gilderoy Lockhart
63%
12 Harry in winter
63%
17 Saving Buckbeak
63%
11 The Quidditch match
63%
7 A window to the past
61%
14 Broomsticks and fire
61%
11 In the chamber of secrets
61%
6 Neville
61%
24 Rescuing Hermione
61%
8 Sirius fire
61%
3 The chamber of secrets
61%
15 The ministry of magic
61%
12 Death of Sirius
60%
3 The Quidditch world cup
60%
3 | 16 Polyjuice potion
58%
13 Potter waltz
58%
9 Statues
58%
19 Death of Cedric
57%
5 Double Trouble
57%
5 Dragon Flight
57%
12 Meeting Aragog
57%
10 Ministry of magic
57%
11 Neville's waltz
57%
Compositeur d'Harry Potter et l'ordre du phénix | Compositeur d'Harry Potter et le prince de sang-melé Nicholas Hooper
57%
4 Sky battle
57%
3 The knight bus
57%
2 In noctem
55%
8 Living death
55%
24 Magic Works
55%
Compositeur d'Harry Potter et la coupe de feu Patrick Doyle
55%
5 At the Burrow
54%
2 Aunt Marge's waltz
54%
5 Dumbledore's army
54%
10 Golden egg
54%
22 Journey to the cave
54%
1 Prologue
54%
10 The spiders
54%
7 The will
54%
15 Courtyard apocalypse
52%
Harry Potter 5: 1 Fireworks
52%
4 Ginny
52%
11 Hagrid the professor
52%
6 Harry and Ginny
52%
18 Loved ones and leaving
52%
14 Meeting Tom Riddle
52%
19 Reunion of friend
52%
2 Fawkes the phoenix
51%
4 Gringotts
51%
21 Hogwarts'hymn
51%
14 Malfoy's mission
51%
7 Rita Skeeter
51%
15 The black lake
51%
16 The chess game
51%
22 The deathly hallows
51%
Harry Potter 4: 1 The story continue
51%
14 Underwater secrets
51%
9 Dobby the house elf
49%
14 Fluffy's harp
49%
2 Frank dies
49%
9 Harry sees dragons
49%
6 Knockturn alley
49%
21 Mischief managed!
49%
17 The maze
49%
15 The patronus light
49%
13 Umbridge spoils a beautiful morning
49%
20 Another year ends
48%
4 Apparition on the train
48%
5 Diagon alley and the Gringotts vault
48%
13 Fawkes is reborn
48%
16 Hogwarts'march
48%
Harry Potter 7 Partie 1: 1 Obliviate
48%
14 Ron leaves
48%
8 The dueling club
48%
5 The flying car
48%
10 The Grey Lady
48%
9 The kiss
48%
24 Voldemort's end
48%
25 A new beginning
46%
3 Another story
46%
17 Cakes for Crabbe and Goyle
46%
18 Dueling the Basilic
46%
17 Flight of the Order of the Phoenix
46%
24 Inferi in the firestorm
46%
7 Introducing Colin
46%
11 Moaning Myrtle
46%
13 Quidditch, third year
46%
2 Snape to Malfoy Manor
46%
26 The elder wand
46%
15 Cornish Pixies
45%
7 Dumbledore's speech
45%
7 Entry into the Great hall and the banquet
45%
20 Finale
45%
18 Forward to time past
45%
15 In the devil's snare and the flying keys
45%
8 Mr Longbottom flies
45%
Harry Potter 6: 1 Opening
45%
4 The dark mark
45%
19 The resurrection stone
45%
8 The room of requirements
45%
16 The werewolf scene
45%
23 This is the night
45%
8 Death Eaters
43%
19 Destroying the locket
43%
22 Do the Hippogriff
43%
18 Dumbledore's foreboding
43%
5 Foreign visitors arrive
43%
16 Godric's Hollow graveyard
43%
21 Lovegood
43%
22 Neville the hero
43%
7 Possession
43%
20 Ron's speech
43%
13 School!
43%
9 Secrets of the castle
43%
10 The book
43%
19 The dementors converge
43%
23 The drink of despair
43%
6 The hall of prophecies
43%
13 The invisibility cloak and the library scene
43%
12 The locket
43%
10 The portrait gallery
43%
2 The tunnel
43%
11 Detonators
42%
18 Hermione's parents
42%
13 The diadem
42%
3 Underworld
42%
17 Bathilda Bagshot
40%
12 Battlefield
40%
23 Captured and tortured
40%
18 Harry's sacrifice
40%
9 Hogwarts forever! and the moving stairs
40%
9 Into the Pensieve
40%
11 Ron's victory
40%
15 The exodus
40%
16 The sacking of Trelawney
40%
11 The Sirius deception
40%
28 The Weasley stomp
40%
6 Wizard wheezes
40%
7 A new headmaster
39%
4 Dementors in the underpass
39%
20 Harry Surrenders
39%
21 Slughorn's confession
39%
16 Snape's demise
39%
15 The Slug party
39%
8 The whomping willow and the snowball fight
39%
12 Monster books and Boggarts!
37%
21 Procession
37%
27 The friends
37%
10 The Norwegian Ridgeback and a change of season
37%
17 Farewell Aragog
36%
19 Of love & war
36%
Harry Potter 2: 1 Prologue: Book II and the escape from the Dursleys
36%
13 Fireplaces escape
33%
14 Lupin's transformation and chasing scrabbers
33%
5 Snape and the unbreakable vow
33%
14 Darkness takes over
31%
16 Into the rushes
31%
23 Showdown
27%
3 The story begins
19%
Aucun quiz correspondant
Distribution des résultats
% des personnes avec chaque résultat
Percentile par nombre de réponses
Votre historique - résultats
Vous n’avez pas pris ce quiz